| 000 | 01031nam a2200229 a 4500 | ||
|---|---|---|---|
| 003 | DO-SdBNP | ||
| 005 | 20250220100106.0 | ||
| 007 | ta | ||
| 008 | 211015e2017 dr ac||er|||| 001 0 spa d | ||
| 020 | _a9789945908602 | ||
| 040 |
_aDO-SdBNP _bspa _cBNPHU |
||
| 082 | 4 |
_222 _bF727p |
|
| 111 |
_aForo Propuesta Multisectorial en Género y Migración: Eliminación de toda Violencia contra la Mujer _n(1 : _d(2016 : _cSanto Domingo, República Dominicana) _980240 |
||
| 245 | 1 | 0 |
_a[Memoria del] Foro Propuesta multisectorial en género y migración: eliminación de toda violencia contra la mujer / _cedición, Alicia Delgado Mestres. |
| 260 |
_aSanto Domingo : _bMinisterio de Interior y Policía ; _bINMRD, _c2017 |
||
| 300 |
_a84 p. : _bil., ret. _c23 cm. |
||
| 590 | _aInventariado, 2021/ MF | ||
| 700 | 1 |
_973478 _aDelgado Mestres, Alicia |
|
| 710 | 1 |
_aRepública Dominicana. _bSecretaría de Estado de lo Interior y Policía. _980241 |
|
| 710 | 1 |
_a Instituto Nacional de Migración (República Dominicana) _975397 |
|
| 942 |
_2ddc _cLBS1 |
||
| 999 |
_c50760 _d50760 |
||